000 00564nam a2200193Ia 4500
005 20260120124505.0
008 008 260114s9999 xx 000 0 eng d
020 _a9781787147928
037 _aEBOOK
040 _aCRL
_beng
_cCRL
041 _aeng
_2eng
084 _qCRL
100 _aFrancesca Comunello
_9907038
245 0 _aSocial Media in Earthquake-Related Communication
260 _bEmerald Publishing
_c2018
856 _uhttps://www.emerald.com/insight/publication/doi/10.1108/9781787147911
942 _cEBOOK
999 _c1498725
_d1498725